00684nam a2200193Ia 4500952015500000999001700155003000400172005001700176008004100193020001800234040000900252082002200261100002700283245006100310260004800371300000900419650001200428942005000440 00102ddc40708SOCIAL SCIENCEaMESbMEScSOCIAL SCIENCEd2019-02-20g795.00l0o305.420954 NIY/Ep36836r2019-02-20 00:00:00w2019-02-20yBKzGL41R1 c14733d14733OSt20201019092804.0190216s9999||||xx |||||||||||||| ||und|| a9780198072553 coclc a305.420954bNIY/E aNiyogi De, Esha 95846 0aEmpire, Media And The Autonomous Woman /cEsha Niyogi De bOxford University Press,c2011.aNew Delhi: a246p aEnglish cBK2ddch305.420954iNIY/Ek305.420954mNIY/E